Представление документа в формате MARC21

Поле Инд. ПП Название Значение
Тип записи a
Библиографический уровень b
001 Контрольный номер RU/IS/BASE/103222666
005 Дата корректировки 20200529173517.0
084 a Индекс другой классификации/Индекс ББК 60.023; 87.25; 28.01в
100 1_ a Автор Тяптиргянов М. М.
245 _0 a Заглавие Философско-методологические аспекты исследования биоразнообразия
504 a Библиография Библиогр. ссылки
650 04 a Основная рубрика биология
a Основная рубрика социальная философия
a Основная рубрика философия
a Основная рубрика философия науки
653 0_ a Ключевые слова биоразнообразие
a Ключевые слова диатропика
a Ключевые слова живые системы
a Ключевые слова жизнь
a Ключевые слова коэволюция
a Ключевые слова научное познание
a Ключевые слова общество
a Ключевые слова познавательные модели
a Ключевые слова познание модели
a Ключевые слова природа
a Ключевые слова развитие живых систем
a Ключевые слова разнообразие форм жизни
a Ключевые слова синергетика
a Ключевые слова синергетический подход
a Ключевые слова системный подход
a Ключевые слова сохранение живой природы
a Ключевые слова сохранение жизни
a Ключевые слова социоприродное взаимодействие
a Ключевые слова философия биологии
a Ключевые слова формы жизни
a Ключевые слова человек
a Ключевые слова эволюционная диатропика
a Ключевые слова эволюционные процессы
a Ключевые слова эволюция
a Ключевые слова экология
773 18 t Заглавие источника Социально-гуманитарные знания
d Дата издания источника 2003
g Прочая информация № 1. - С. 268 - 279
w Контрольный № источника RU/IS/BASE/101491030
901 t Тип документа b